English Morphology

Morphemes; Derivation vs. Inflection; Immediate Constituents; Words

Saved in:
Bibliographic Details
Main Author: Tô, Minh Thanh
Format: Book
Language:Undetermined
Published: Tp. Hồ Chí Minh Viet Nam National Univercity of Ho Chi Minh City Press 2017
Subjects:
Online Access:http://lrc.tdmu.edu.vn/opac/search/detail.asp?aID=2&ID=30342
Tags: Add Tag
No Tags, Be the first to tag this record!
Institutions: Trung tâm Học liệu Trường Đại học Thủ Dầu Một
LEADER 00722nam a2200205Ia 4500
001 TDMU_30342
008 210410s9999 xx 000 0 und d
082 |a 398.2 
090 |b T450 
100 |a Tô, Minh Thanh 
245 0 |a English Morphology 
245 0 |c Tô Minh Thanh 
260 |a Tp. Hồ Chí Minh 
260 |b Viet Nam National Univercity of Ho Chi Minh City Press 
260 |c 2017 
300 |a 177tr. 
520 |a Morphemes; Derivation vs. Inflection; Immediate Constituents; Words 
650 |a English  |x Morphology; Tiếng Anh  |x Hình thái học 
856 |u http://lrc.tdmu.edu.vn/opac/search/detail.asp?aID=2&ID=30342 
980 |a Trung tâm Học liệu Trường Đại học Thủ Dầu Một